Phương pháp giảng dạy và tâm lý giáo dục trong trường học - kỹ năng quản lý và giảng dạy hiệu quả cao

Những vấn đề cơ bản về nền giáo dục Việt Nam hiện nay; Tìm hiểu pháp luật về tổ chức và hoạt động của công tác giáo dục; Tìm hiểu pháp luật về điều lệ và tổ chức hoạt động của trường học; Lý luận về mục tiêu, nội dung và phương pháp dạy học......

Mô tả đầy đủ

Đã lưu trong:
Chi tiết về thư mục
Tác giả khác: Lê Văn Lập (sưu tầm và hệ thống hóa)
Định dạng: Sách
Ngôn ngữ:Vietnamese
Được phát hành: Hà Nội Lao động 2011
Những chủ đề:
Các nhãn: Thêm thẻ
Không có thẻ, Là người đầu tiên thẻ bản ghi này!
Thư viện lưu trữ: Mạng thư viện Đại học Đà Nẵng
LEADER 01880nam a2200397 4500
001 000019267
003 15702
005 20140410150425.0
008 140410s2011 viesd
020 |c 298000 
041 0 |a vie 
082 1 4 |a 371.102  |b Phư 
245 0 0 |a Phương pháp giảng dạy và tâm lý giáo dục trong trường học - kỹ năng quản lý và giảng dạy hiệu quả cao  |c Lê Văn Lập sưu tầm và hệ thống hóa 
246 |a Phương pháp giảng dạy và tâm lí giáo dục trong trường học - kĩ năng quản lí và giảng dạy hiệu quả cao 
260 |a Hà Nội  |b Lao động  |c 2011 
300 |a 511 tr.  |c 28 cm. 
520 3 |a Những vấn đề cơ bản về nền giáo dục Việt Nam hiện nay; Tìm hiểu pháp luật về tổ chức và hoạt động của công tác giáo dục; Tìm hiểu pháp luật về điều lệ và tổ chức hoạt động của trường học; Lý luận về mục tiêu, nội dung và phương pháp dạy học... 
650 0 4 |a Giảng dạy  |x Phương pháp 
650 0 4 |a Tâm lý giáo dục  |x Trường học 
650 0 4 |a Quản lý giáo dục 
653 |a Tâm lí giáo dục 
653 |a Giáo dục Việt Nam 
653 |a Quản lí giáo dục 
653 |a Phương pháp giảng dạy 
653 |a Trường học 
700 1 |a Lê Văn Lập  |e sưu tầm và hệ thống hóa 
OWN |a LSP 
AVA |a UDN50  |b LSP  |d 371.102 Phư  |e available  |t Error 5001 Not defined in file expand_doc_bib_avail.  |f 5  |g 0  |h N  |i 1  |k 1 
999 |a From the UDN01 
AVA |a UDN50  |b LSP  |d 371.102 Phư  |e available  |t Error 5001 Not defined in file expand_doc_bib_avail.  |f 5  |g 0  |h N  |i 1  |k 1 
TYP |a Monograph 
TYP |a Printed language 
980 |a Mạng thư viện Đại học Đà Nẵng